000 00354cam a2200145ua 4500
041 _ahin
_h
082 _a891.54
_bVRA/KA
100 _aVarma, Vrndavanlal .
245 _aKabhi-na -Kabhi /
_cVarma Vrandavanlal.
_hTextual Documents
260 _a :
_bMayur prakashan ,
_c1963.
300 _a120 ; .
504 _a
942 _cBK
999 _c11945
_d11945